| 000 | 00327nam a22001217a 4500 | ||
|---|---|---|---|
| 082 |
_a595.789 _bMAR |
||
| 100 |
_aMarshall, G.F.L _949940 |
||
| 245 |
_aThe butterflies of India, Burmah and Ceylon _cG.F.L.Marshall, |
||
| 300 | _avii,94p,: | ||
| 526 |
_a0 _b0 _c0 _d595_789000000000000_MAR |
||
| 650 |
_aMCE _9379 |
||
| 942 |
_2ddc _cBK |
||
| 999 |
_c552680 _d552680 |
||